The Legend of Zelda friendly races and tribes - Statistics

General Stats
  • This quiz has been taken 42 times
  • The average score is 10 of 17
Answer Stats
Hint Answer % Correct
Fish people from rivers Zora
97%
Rock people from the mountains Gorons
91%
Humans with pointy ears Hylians
91%
Female thieves from the desert Gerudo
88%
Children of the forest Kokiri
79%
Ninja-like people who protect the royal family Sheikah
79%
Plant beings, originate from children of the forest Koroks
76%
Bird people, originate from fish people Rito
68%
People of the twilight realm Twili
62%
Very tiny people Minish
59%
Plant creatures who hide in shrubs Deku Scrubs
53%
Large white furry creatures Yeti
44%
Moles who like near volcanoes Mogma
32%
Bird-like plant creatures Kikwi
21%
Chicken people with human heads Oocca
15%
Seahorse-like creatures from a lake Parella
15%
Antler-wearing people from cold regions Anouki
9%
No matching quizzes found
Score Distribution
Percent of People with Each Score
Percentile by Number Answered
Your Score History
You have not taken this quiz